[Event "CRO-chT3 West"]
[Site "Croatia"]
[Date "2010.04.24"]
[Round "4.44"]
[White "Mrdjen, David"]
[Black "Canic, Tomislav"]
[Result "1-0"]
[WhiteElo "1979"]
[BlackElo "2088"]
[PlyCount "135"]
[EventDate "2010.03.27"]
[EventType "team-tourn"]
[EventRounds "9"]
[EventCountry "CRO"]
[SourceTitle "EXT 2012"]
[Source "ChessBase"]
[SourceDate "2011.11.24"]
[SourceVersion "1"]
[SourceVersionDate "2011.11.24"]
[SourceQuality "1"]

1. e4 c5 2. Nf3 Nc6 3. d4 cxd4 4. Nxd4 a6 5. Nc3 d6 6. Be3 Nf6 7. Be2 g6 8. 0-0 Bg7 9. f4 0-0 10. Kh1 Bd7 11. Nf3 b5 12. a3 Rc8 13. Qd2 Na5 14. Ng5 Nc4 15. Bxc4 Rxc4 16. e5 dxe5 17. Rad1 exf4 18. Bxf4 Qa8 19. Nf3 Bg4 20. Bh6 Ne4 21. Nxe4 Qxe4 22. c3 Bxf3 23. Rxf3 Bxh6 24. Qxh6 Qh4 25. Qd2 Re4 26. Rdf1 Qh5 27. Qf2 Qd5 28. h3 f6 29. Qc2 Rd8 30. R3f2 Re3 31. Kg1 Rd3 32. Qe2 Qc5 33. Kh1 Qd6 34. Re1 Rd1 35. Rff1 Rxe1 36. Rxe1 Kf7 37. Qe4 e5 38. Qh4 Kg7 39. Rf1 f5 40. a4 Rd7 41. axb5 axb5 42. Ra1 e4 43. Qe1 Qd3 44. Qh4 Qc4 45. Qf4 Qe6 46. Qe3 Qe5 47. Re1 Kf6 48. Rf1 g5 49. Qb6+ Kg7 50. Qc6 Qd5 51. Qc8 Qe6 52. Qc5 e3 53. Re1 e2 54. Qg1 f4 55. g4 Qe4+ 56. Kh2 f3 57. Qf2 Qf4+ 58. Kg1 Qf7 59. Qe3 h6 60. Kf2 Rd1 61. Qe5+ Kf8 62. Qh8+ Ke7 63. Qxh6 Rxe1 64. Qxg5+ Ke6 65. Qe3+ Kf6 66. Qxf3+ Kg7 67. Qxf7+ Kxf7 68. Kxe1 1-0